000 00975cab a2200301 4500
001 WB2942-47
008 090401t1993 xxu||||| |||| 00| 0 eng d
035 _a(Sirsi) u67757
041 _aeng
245 _aUK wants Architects Directive scrapped
260 _c1993
350 _a0
490 _aBuilding
_v258(7819) 12 November 1993, 10(1)
520 _aThe Government is seeking to have the EC Architects Directive abolished, when the Directive is reviewed in 1995. UK proposals would assist building surveyors to take on architects` work in the EC.
650 _aABOLITION
650 _aARCHITECTS DIRECTIVE
650 _aARCHITECTS
650 _aBUILDING SURVEYORS
650 _aEC LAW
650 _aMUTUAL RECOGNITION
650 _aPROFESSIONAL QUALIFICATIONS
650 _aPROTECTION
650 _aTITLE
690 _aEUROPE-SINGLE MARKET
690 _aMANAGEMENT-BUSINESS MANAGEMENT-PROFESSIONAL PRACTICE
942 _n0
948 _c04/03/1997
999 _c42434
_d42434